| 000 | 00937nam a2200253Ia 4500 | ||
|---|---|---|---|
| 003 | OSt | ||
| 005 | 20221005104429.0 | ||
| 006 | a|||||r|||| 00| 0 | ||
| 007 | ta | ||
| 008 | 221004b |||||||| |||| 00| 0 san d | ||
| 024 | _a2336 | ||
| 037 |
_bGift, 13/02/2013, _cTextual |
||
| 040 |
_aCRL _cCRL _bsan |
||
| 041 |
_2san _asan |
||
| 082 | _aO15,1N45,PM, 152P9 | ||
| 100 | _aभारद्वाज, कौशल्या | ||
| 245 | 0 | _aअथ परशुरामोदयम् महाकाव्यम् | |
| 246 | _aAth parashurāmodayam mahākāvyam | ||
| 260 |
_aदिल्ली _bभारद्वाज इन्टरनेशनल भारत _c2009 |
||
| 300 |
_a431पृ0 _ccm. |
||
| 650 | _aसंस्कृत साहित्य | ||
| 942 |
_hO15,1N45,PM, 152P9 _cTEXL _2cc |
||
| 999 |
_c1012703 _d1012703 |
||